Villarreal CF Squad 2014-2015 - Statistics

General Stats
  • This quiz has been taken 11 times
  • The average score is 18 of 25
Answer Stats
# Position Nation Player % Correct
24 DF Ivory Coast Eric Bailly
100%
9 FW Mexico Giovani dos Santos
100%
6 MF Mexico Jonathan dos Santos
100%
14 MF Spain Manu Trigueros
100%
2 DF Spain Mario Gaspar
100%
1 GK Spain Sergio Asenjo
100%
21 MF Spain Bruno Soriano
88%
23 FW Spain Gerard Moreno
88%
18 DF Spain Jaume Costa
88%
22 DF Serbia Antonio Rukavina
75%
3 DF Slovenia Bojan Jokić
75%
17 FW Russia Denis Cheryshev
75%
8 FW Nigeria Ikechukwu Uche
75%
10 FW Costa Rica Joel Campbell
75%
- Coach Spain Marcelino García Toral
75%
4 MF Spain Tomás Pina
75%
7 FW Argentina Luciano Vietto
63%
5 DF Argentina Mateo Musacchio
63%
15 DF Spain Víctor Ruiz
63%
10 MF Spain Cani
50%
20 DF Brazil Gabriel Paulista
50%
25 GK Spain Juan Carlos
50%
24 MF Spain Javier Espinosa
38%
19 FW Spain Moi Gómez
38%
16 DF Spain José Antonio Dorado
25%
No matching quizzes found
Score Distribution
Percent of People with Each Score
Percentile by Number Answered
Your Score History
You have not taken this quiz